| 000 | 00747nam a2200193 i 4500 | ||
|---|---|---|---|
| 001 | 125331 | ||
| 003 | ES-MaACL | ||
| 005 | 20230906192615.0 | ||
| 007 | t| | ||
| 008 | 070605q19301939sp ||||1| spa d | ||
| 100 | 1 |
_aSalazar Mouliáa, Zacarías. _9101825 |
|
| 245 | 1 | 3 |
_aEl cerdo y su explotación / _cpor Z. Salazar. |
| 260 |
_a[Madrid] : _bEstación Pecuaria Central, Servicio de Propaganda y Divulgación, _c[1930?] |
||
| 300 |
_a67 p. : _bil. ; _c19 cm. |
||
| 500 | _aPrecede al tít.: Ministerio de Economía Nacional, Dirección General de Agricultura. | ||
| 710 | 2 |
_aEstación Pecuaria Central. _94016 |
|
| 710 | 1 |
_aEspaña. _bMinisterio de Economía Nacional. _93854 |
|
| 852 |
_aES-MaACL _jA-2871(1) _q. - Encuadernado con otras obras |
||
| 999 |
_c125331 _d125331 |
||